Normal view
MARC view
Entry Personal Name
001 - CONTROL NUMBER
- control field: 1651
003 - CONTROL NUMBER IDENTIFIER
- control field: BD-DhCDI
005 - DATE AND TIME OF LATEST TRANSACTION
- control field: 20251112034516.0
008 - FIXED-LENGTH DATA ELEMENTS
- fixed length control field: 251112|| aca||aabn | a|a d
040 ## - CATALOGING SOURCE
- Original cataloging agency: BD-DhCDI
- Transcribing agency: BD-DhCDI
100 ## - HEADING--PERSONAL NAME
- Personal name: চৌধুরী, সালেহ
670 ## - SOURCE DATA FOUND
- Source citation: Work cat.: (BD-DhCDI)903: আহমেদ, হুমায়ূন 1948-2012 লেখক 1649, হুমায়ূন আহমেদ রচনাবলী ৩ /, [২০১০]